[Event "Challenge"]
[Site "http://www.queenalice.com/game.php?id=56022"]
[Date "2006.3.6"]
[Round "-"]
[White "Kluge"]
[Black "fpferreira"]
[Result "1-0"]
[WhiteElo "1124"]
[BlackElo "1311"]

1. e4 e5 2. Bc4 Nf6 3. Nc3 Nc6 4. a3 Nd4 5. Nb5 Nxe4 6. Nxd4 exd4 7. Qg4 Qe7 8.
Ne2 Nf6 9. Qxd4 Ne4 10. O-O d6 11. Re1 Bg4 12. Ng3 c5 13. Qxe4 Qxe4 14. Rxe4+
Be7 15. Rxg4 O-O 16. Nf5 Bf6 17. d3 g6 18. Nh6+ Kg7 19. Nf5+ Kh8 20. Nxd6 Rfe8
21. Bd2 Re2 22. Rd1 Bd4 23. Nxf7+ Kg7 24. Bh6+ Kf6 25. Rf4+ Ke7 26. Re4+ Kd7 27.
Rxe2 Bxb2 28. Bb5+ Kc7 29. Re6 a6 30. Bf4+ 1-0

[Event "AUTO-BEG-12"]
[Site "http://www.queenalice.com/game.php?id=58715"]
[Date "2006.3.22"]
[Round "1"]
[White "Kluge"]
[Black "fpferreira"]
[Result "0-1"]
[WhiteElo "1268"]
[BlackElo "1338"]

1. e4 e5 2. d4 exd4 3. Qxd4 Nc6 4. Qe3 Nf6 5. e5 Nd5 6. Qg5 f6 7. exf6 Ndb4 8.
f7+ Kxf7 9. Bc4+ Ke8 10. Qf5 Qf6 11. Qe4+ Qe5 12. Qxe5+ Nxe5 13. Be2 Nxc2+ 14.
Kd1 Nxa1 15. b3 d5 16. Bb2 Ng4 17. Bxg4 Bxg4+ 18. f3 Bh5 19. Bxa1 Bg6 20. Ne2
Bxb1 21. Re1 Bxa2 22. Nc3+ Kd8 23. Nxa2 Bc5 24. Bxg7 Re8 25. Bf6+ Be7 26. Bc3
Kd7 27. Nb4 Bxb4 28. Bxb4 Rxe1+ 29. Bxe1 a6 30. Kd2 b5 31. Kd3 Re8 32. Bc3 c5
33. g3 d4 34. Bd2 Rf8 35. f4 a5 36. Bxa5 Kc6 37. Bd2 Kd5 38. h4 c4+ 39. bxc4+
bxc4+ 40. Kc2 Rg8 41. Be1 d3+ 0-1

[Event "AUTO-BEG-12"]
[Site "http://www.queenalice.com/game.php?id=58716"]
[Date "2006.3.22"]
[Round "1"]
[White "fpferreira"]
[Black "Kluge"]
[Result "1-0"]
[WhiteElo "1324"]
[BlackElo "1286"]

1. e4 e5 2. Nf3 d6 3. Bb5+ c6 4. Ba4 b5 5. Bb3 Nf6 6. Ng5 d5 7. d3 h6 8. Nf3 d4
9. Nxe5 Bb4+ 10. Bd2 Bxd2+ 11. Qxd2 a5 12. Nxf7 Qe7 13. Nxh8 a4 14. Ng6 Nxe4 15.
Qf4 Qb4+ 16. c3 dxc3 17. Qf7+ Kd8 18. bxc3 Nxc3 19. O-O Nd7 20. Nxc3 axb3 21.
Nd1 b2 22. Ne3 bxa1=Q 23. Rxa1 Qd6 24. Nf5 Qf6 25. Qxf6+ Nxf6 26. Nxg7 Ra7 27.
Ne5 Rxg7 28. Nxc6+ Ke8 29. Re1+ Kd7 30. Ne5+ Kd6 31. h4 Nh5 32. g3 Be6 33. Nf3
Bxa2 34. Nd4 Kc5 35. Re4 Rd7 36. Ne6+ Bxe6 37. Rxe6 Rxd3 38. g4 Rd1+ 39. Kg2
Nf4+ 40. Kg3 Nxe6 41. f4 1-0

[Event "BRxUSA"]
[Site "http://www.queenalice.com/game.php?id=77046"]
[Date "2006.6.16"]
[Round "-"]
[White "Kluge"]
[Black "BuzzKiller"]
[Result "0-1"]
[WhiteElo "1314"]
[BlackElo "1269"]

1. e4 d5 2. exd5 Qxd5 3. Nc3 Qd8 4. Nf3 Bg4 5. Be2 Bxf3 6. Bxf3 c6 7. O-O e5 8.
Re1 Nd7 9. Ne4 Ndf6 10. Ng5 h6 11. Nh3 Bd6 12. d4 Qc7 13. Bf4 O-O-O 14. Be3 e4
15. Bg4+ Kb8 16. g3 h5 17. Be2 h4 18. Nf4 hxg3 19. d5 Bxf4 20. Bxf4 gxf2+ 21.
Kxf2 Qxf4+ 0-1

[Event "AUTO-OPEN-296"]
[Site "http://www.queenalice.com/game.php?id=77293"]
[Date "2006.6.17"]
[Round "1"]
[White "Viper_SB"]
[Black "Kluge"]
[Result "1-0"]
[WhiteElo "1619"]
[BlackElo "1310"]

1. e4 e5 2. Nf3 Nc6 3. Bc4 Bd6 4. d3 h6 5. O-O Nf6 6. Nh4 Nxe4 7. Qg4 Nf6 8.
Qxg7 Rf8 9. Bxh6 Qe7 10. Nf5 Qd8 11. Nxd6+ Ke7 12. Nf5+ Ke8 13. Qxf8# 1-0

[Event "AUTO-OPEN-296"]
[Site "http://www.queenalice.com/game.php?id=77294"]
[Date "2006.6.17"]
[Round "1"]
[White "Kluge"]
[Black "Viper_SB"]
[Result "0-1"]
[WhiteElo "1286"]
[BlackElo "1677"]

1. e4 e6 2. Nf3 Nc6 3. Bb5 Bc5 4. Bxc6 bxc6 5. O-O d5 6. d4 Bb6 7. e5 Ba5 8. c3
Ne7 9. b4 Bb6 10. Ng5 O-O 11. Qh5 h6 12. Nh3 Nf5 13. a4 Qh4 14. Qxh4 Nxh4 15. a5
Bxd4 16. cxd4 Nf5 0-1

[Event "AUTO-OPEN-296"]
[Site "http://www.queenalice.com/game.php?id=77313"]
[Date "2006.6.17"]
[Round "1"]
[White "santista"]
[Black "Kluge"]
[Result "1-0"]
[WhiteElo "1779"]
[BlackElo "1286"]

1. d4 e6 2. a3 Nc6 3. Bf4 Qf6 4. Bxc7 d6 5. e3 b6 6. Bb5 Kd7 7. Bxc6+ Kxc6 8.
Qf3+ Qxf3 9. Nxf3 Kxc7 10. Ng5 Nh6 11. Nc3 f6 12. Nf3 Bb7 13. O-O-O Ng4 14. Rdf1
e5 15. dxe5 fxe5 16. h3 Nf6 17. Rd1 e4 18. Nd2 d5 19. g4 1-0

[Event "AUTO-OPEN-296"]
[Site "http://www.queenalice.com/game.php?id=77314"]
[Date "2006.6.17"]
[Round "1"]
[White "Kluge"]
[Black "santista"]
[Result "0-1"]
[WhiteElo "1286"]
[BlackElo "1777"]

1. e4 e5 2. Nf3 d6 3. Bb5+ c6 4. Ba4 a5 5. h3 b5 6. Bb3 a4 7. Bxf7+ Kxf7 8. d3
h6 9. O-O Be7 10. b3 axb3 11. cxb3 Nf6 12. Bb2 Rf8 13. d4 exd4 14. Qxd4 c5 15.
Qd3 Bb7 16. Re1 Re8 17. Nh4 Nxe4 18. Nf5 Bf6 0-1

[Event "AUTO-INT-103"]
[Site "http://www.queenalice.com/game.php?id=77382"]
[Date "2006.6.17"]
[Round "1"]
[White "Kluge"]
[Black "Dcanti"]
[Result "0-1"]
[WhiteElo "1232"]
[BlackElo "1400"]

1. e4 c5 2. Nf3 Nc6 3. d4 d6 4. d5 Nb4 5. c3 Na6 6. Bb5+ Bd7 7. Qe2 Nc7 8. Bxd7+
Qxd7 9. O-O Nf6 10. c4 g6 11. e5 dxe5 12. Nxe5 Qf5 13. g4 Qe4 14. Qxe4 Nxe4 15.
Nc3 Nxc3 16. bxc3 Bg7 17. Bf4 f6 18. Nxg6 Rg8 19. Bxc7 Bh6 0-1

[Event "AUTO-INT-103"]
[Site "http://www.queenalice.com/game.php?id=77383"]
[Date "2006.6.17"]
[Round "1"]
[White "Dcanti"]
[Black "Kluge"]
[Result "1-0"]
[WhiteElo "1409"]
[BlackElo "1222"]

1. d4 Nf6 2. Nc3 d6 3. Nf3 e6 4. e3 a6 5. Bd3 d5 6. O-O Bd6 7. e4 dxe4 8. Nxe4
Nxe4 9. Bxe4 O-O 10. c3 h6 11. d5 f5 12. Bc2 exd5 13. Qxd5+ Kh8 14. Bd2 Bxh2+
15. Nxh2 Qxd5 16. Rad1 Qc6 17. Be3 Be6 18. Rfe1 1-0